| 000 | 00516 a2200145 4500 | ||
|---|---|---|---|
| 999 |
_c41412 _d41412 |
||
| 003 | OSt | ||
| 005 | 20220106113156.0 | ||
| 008 | 220106b ||||| |||| 00| 0 eng d | ||
| 040 | _coclc | ||
| 082 |
_a363.2562 _bJOS/L |
||
| 245 |
_aThe layman's glossary _bTerms relating to the forensic examination of handwriting , signatures and documents _cCompled by Jacqueline A Joseph |
||
| 260 |
_bJ Joseph & Associates _c2010 |
||
| 300 | _a10 pages | ||
| 942 |
_2ddc _cBK _h363.2562 _iJOS/L _k363.2562 _mJOS/L |
||